LEADER 00838nam a2200193 4500 001 000000346045 003 CaOOAMICUS 005 20210517124233.0 008 210517s1884 it 000 u ita r 040 $aSeMil$bita 245 00$aDella massoneria :$bquel che è, quel che fa, quel che vuole. Dialoghi popolari. 264 1$aPrato :$bTipografia Giachetti, Figlio e C.,$c1884. 300 $a70 p. ;$c15 cm 650 4$aMassoneria.$0(OLS)http://semarc/subject/2383 850 $aSeMil 852 $aSeMil$W1$xVenegono$y1$m5A III 6/21$j226088$B237084$CSeMilBibl$Z2$F237084 $8I 996 $6245$aDella massoneria :$bquel che è, quel che fa, quel che vuole. Dialoghi popolari$9(OLS)http://semarc/title/435246 996 $6264$aPrato :$bTipografia Giachetti, Figlio e C.$9(OLS)http://semarc/publisher/41764 LEADER 00402nab a2200145 i 4500 001 000000275168 003 CaOOAMICUS 005 20180831165007.0 008 180831n xx uu u0 0und r 013 $a24300 040 $aSeMil$bita 245 10$a[vedi periodico]. 500 $a2005/1-3. 773 0 $t2005.$dFribourg : Academic Press, 2005.$w()201164 996 $6245$a[vedi periodico]$9(OLS)http://semarc/title/309439